00373nam a2200133Ia 4500008004100000024001400041082001900055100002500074245003800099260002600137600002100163650003800184999001700222260210s9999 xx 000 0 und d a04A-20-BS a658.514072 MON aMonis Ahmed Siddiqui 0aOnline Invoicing Software (VIEGA) aKarachi:bUITU,c2004 aComputer Science aBachelor of Computer Science (BS) c31927d31927